Vybrané statě z teorie rámových konstrukcí metoda jednotkových sil, rámy příčně zatížené a prostorové

Bibliographic Details
Main Authors: Drahoňovský, Zbyněk, 1928- (Author), Benda, Jiří (Author)
Format: Book
Language:Czech
PhysicalDescription:127 s. 4°
Published: Praha Státní nakladatelství technické literatury 1962
Series:Učební texty vys. škol

MARC

LEADER 00000nam a2200000 a 4500
001 vtls001264040
003 SK-MaSNL
005 20260301195301.0
008 251113s1962 xr 0 cze
035 |a SNK000214952 
040 |a SNK  |b slo  |c SNK  |e AACR2 
044 |a xr  |c CZ 
100 1 |a Drahoňovský, Zbyněk,  |d 1928-  |4 aut  |9 99584 
245 1 |a Vybrané statě z teorie rámových konstrukcí  |b metoda jednotkových sil, rámy příčně zatížené a prostorové  |c Zbyněk Drahoňovský, Jiří Benda 
260 |a Praha  |b Státní nakladatelství technické literatury  |c 1962 
300 |a 127 s.  |c 4° 
490 1 |a Učební texty vys. škol 
700 1 |a Benda, Jiří  |4 aut  |9 285752 
830 0 |a Učební texty vys. škol  |9 283075 
999 |c 884895  |d 886825 
952 |t P60, <04>, [BOOK], {604}  |a SNK  |b SNK  |y VYP  |7 0  |p 17A0123353  |o snkIB 13076  |i snkKIP 9727/62  |0 0  |1 0  |4 0  |d 1996-10-22  |l 0  |r 2005-01-01 00:00:00  |w 2026-02-24 
952 |t P60, <04>, [BOOK], {604}  |a SNK  |b SNK  |y VYP  |7 0  |p 17A0188951  |o snkIB 13076 D1  |i snkKIP 9728/62  |0 0  |1 1  |4 0  |d 1999-04-10  |l 0  |r 2005-01-01 00:00:00  |w 2026-02-24